| 000 | 00405 a2200133 4500 | ||
|---|---|---|---|
| 001 | 92207 | ||
| 082 | _aPR 2478 | ||
| 090 |
_c44167 _d44166 |
||
| 100 | _aMuhammad Ahsan Sattar; Prof Imran Ali Chaudhry and Taimur Ali Shams (Advisors) | ||
| 245 |
_aDesign Optimization of Falco UAV using Genetic Algorithm _n77 "A" EC |
||
| 260 |
_aIslamabad _bNUST _c2014 |
||
| 300 | _ax,35p. | ||
| 500 | _aBE Project Report | ||
| 942 |
_aCAE NUST _kPR 2478 |
||
| 999 |
_c327280 _d327280 |
||